Państwa które wchodziły w skład Imperium Rzymskiego - Statystyki

Ogólne statystyki
  • Ten quiz został rozwiązany 180 razy
  • Średni wynik to 39 z 43
Statystyki odpowiedzi
Imperium Rzymskie % Poprawnych
Francja
99%
Włochy
99%
Egipt
96%
Grecja
96%
Hiszpania
96%
Maroko
95%
San Marino
95%
Algieria
94%
Austria
94%
Niemcy
94%
Portugalia
94%
Serbia
94%
Turcja
94%
Watykan
94%
Bośnia i Hercegowina
92%
Bułgaria
92%
Chorwacja
92%
Izrael
92%
Liechtenstein
92%
Rumunia
92%
Słowenia
92%
Tunezja
92%
Węgry
92%
Wielka Brytania
92%
Belgia
91%
Czarnogóra
91%
Szwajcaria
91%
Albania
90%
Holandia
90%
Kosowo
90%
Libia
90%
Luksemburg
90%
Andora
89%
Macedonia Północna
87%
Monako
87%
Syria
85%
Liban
83%
Malta
83%
Ukraina
83%
Cypr
81%
Jordania
78%
Mołdawia
73%
Gruzja
72%
Nie znaleziono quizów pasujących do podanych kryteriów
Rozkład punktacji
Procent ludzi z każdym wynikiem
Percentyl według liczby udzielonych odpowiedzi
Twoja historia wyników
Nie rozwiązałeś tego quizu